Sistemas de costos (Registro nro. 2464)
[ vista simple ]
| 000 -LEADER | |
|---|---|
| fixed length control field | 01859 a2200373 4500 |
| 001 - CONTROL NUMBER | |
| control field | 34562 |
| 005 - DATE AND TIME OF LATEST TRANSACTION | |
| control field | 20260407155632.0 |
| 008 - FIXED-LENGTH DATA ELEMENTS--GENERAL INFORMATION | |
| fixed length control field | 260407a2007 arg spa d |
| 003 - CONTROL NUMBER IDENTIFIER | |
| control field | AR-UNSa-BCEJYS |
| 040 ## - CATALOGING SOURCE | |
| Original cataloging agency | AR-UNSa-BCEJYS |
| Language of cataloging | spa |
| Transcribing agency | AR-UNSa-BCEJYS |
| 080 ## - UNIVERSAL DECIMAL CLASSIFICATION NUMBER | |
| Universal Decimal Classification number | 657.47 |
| Common auxiliary subdivision | Contabilidad de Costos |
| 020 ## - INTERNATIONAL STANDARD BOOK NUMBER | |
| International Standard Book Number | 978-987-03-1068-6 |
| 041 ## - LANGUAGE CODE | |
| Language code of text/sound track or separate title | spa |
| 100 1# - MAIN ENTRY--PERSONAL NAME | |
| Personal name | Giménez, Carlos Manuel |
| 245 10 - TITLE STATEMENT | |
| Title | Sistemas de costos |
| 264 #1 - PRODUCTION, PUBLICATION, DISTRIBUTION, MANUFACTURE, AND COPYRIGHT NOTICE | |
| Place of production, publication, distribution, manufacture | Buenos Aires : |
| Name of producer, publisher, distributor, manufacturer | La Ley |
| Date of production, publication, distribution, manufacture, or copyright notice | 2007 |
| 300 ## - PHYSICAL DESCRIPTION | |
| Extent | xxx, 802 p. |
| Dimensions | 24 cm. |
| 505 ## - FORMATTED CONTENTS NOTE | |
| Formatted contents note | 1. Costos - 2. Ciclo contable del costo y el resultado. Estado e informes de costos y resultados - 3. Técnicas y métodos de determinación de costos - 4. Costeo de productos, funciones y actividades - 5. Costos por procesos - 6. Costos conjuntos - 7. Costos estándar - 8. Presupuesto operativo con inflación - 9. Costos financieros - 10. Precios de transferencias - 11. Los costos y la valuación de actividades - 12. Costeo de productos - 13. Un sistema integral informativo para la contabilidad y el control de gestión - 14. El punto de equilibrio con multiproductos - 15. Gastos comerciales y la cadena de abastecimientos. Los costos de logística - 16. Gerenciamiento estratégico de costos: Aplicación de costos al fútbol profesional |
| 590 ## - LOCAL NOTE (RLIN) | |
| Local note | niveau_biblio:m niveau_hierar:0 |
| 700 1# - ADDED ENTRY--PERSONAL NAME | |
| Personal name | Barattero, Ana María |
| 700 1# - ADDED ENTRY--PERSONAL NAME | |
| Personal name | Bursesi, Néstor H. |
| 700 1# - ADDED ENTRY--PERSONAL NAME | |
| Personal name | Carratalá, Juan Martín |
| 700 1# - ADDED ENTRY--PERSONAL NAME | |
| Personal name | Carro, Roberto |
| 700 1# - ADDED ENTRY--PERSONAL NAME | |
| Personal name | Cuyumgian, Eduardo |
| 700 1# - ADDED ENTRY--PERSONAL NAME | |
| Personal name | Gaudino, Ovidio |
| 700 1# - ADDED ENTRY--PERSONAL NAME | |
| Personal name | López Couceiro, Edmundo |
| 700 1# - ADDED ENTRY--PERSONAL NAME | |
| Personal name | Font de Malugani, Elba |
| 700 1# - ADDED ENTRY--PERSONAL NAME | |
| Personal name | Macrini, Domingo |
| 700 1# - ADDED ENTRY--PERSONAL NAME | |
| Personal name | Mendina, Oscar |
| 700 1# - ADDED ENTRY--PERSONAL NAME | |
| Personal name | Sota, Aldo Mario |
| 700 1# - ADDED ENTRY--PERSONAL NAME | |
| Personal name | Sota, Gustavo Ariel |
| 856 41 - ELECTRONIC LOCATION AND ACCESS | |
| Uniform Resource Identifier | <a href="https://biblioeco.unsa.edu.ar/pmb/images/libros/sistemasDcostos.jpg">https://biblioeco.unsa.edu.ar/pmb/images/libros/sistemasDcostos.jpg</a> |
| Link text | Imagen de portada |
| Electronic format type | image/jpeg |
| 942 ## - ADDED ENTRY ELEMENTS (KOHA) | |
| Koha item type | |
| Withdrawn status | Lost status | Damaged status | Not for loan | Home library | Current library | Shelving location | Date acquired | Total checkouts | Full call number | Barcode | Date last seen | Price effective from | Koha item type | Public note |
|---|---|---|---|---|---|---|---|---|---|---|---|---|---|---|
| Biblioteca Prof. Eusebio Cleto del Rey | Biblioteca Prof. Eusebio Cleto del Rey | 07/04/2026 | 657.47 G491s | L125494 | 07/04/2026 | 07/04/2026 | Libro | HOJAS MANCHADAS C/ NEGRO - PÁG. 35 ROTA - HOJAS ARRUGADAS | ||||||
| Biblioteca Prof. Eusebio Cleto del Rey | Biblioteca Prof. Eusebio Cleto del Rey | 07/04/2026 | 657.47 G491s | L125495 | 07/04/2026 | 07/04/2026 | Libro | |||||||
| Biblioteca Prof. Eusebio Cleto del Rey | Biblioteca Prof. Eusebio Cleto del Rey | 07/04/2026 | 657.47 G491s | L125496 | 07/04/2026 | 07/04/2026 | Libro | SUBRAYADO C/ LÁPIZ LEVE - CANTO SUCIO - PÁG. 29/34-47 MANCHADAS | ||||||
| Biblioteca Prof. Eusebio Cleto del Rey | Biblioteca Prof. Eusebio Cleto del Rey | 07/04/2026 | 657.47 G491s | L125497 | 07/04/2026 | 07/04/2026 | Libro | CANTO SUCIO - PARTIDO 242-243 | ||||||
| Biblioteca Prof. Eusebio Cleto del Rey | Biblioteca Prof. Eusebio Cleto del Rey | 07/04/2026 | 657.47 G491s | L125498 | 07/04/2026 | 07/04/2026 | Libro | |||||||
| Biblioteca Prof. Eusebio Cleto del Rey | Biblioteca Prof. Eusebio Cleto del Rey | 07/04/2026 | 657.47 G491s | L126128 | 07/04/2026 | 07/04/2026 | Libro | MANCHADO EN CANTO SUPERIOR DESDE PÁG 219 A 318 - ÚLTIMAS 4 PÁGINAS DOBLADAS | ||||||
| Biblioteca Prof. Eusebio Cleto del Rey | Biblioteca Prof. Eusebio Cleto del Rey | 07/04/2026 | 657.47 G491s | L126129 | 07/04/2026 | 07/04/2026 | Libro | Libro repuesto por la alumna Ana Maria Guaymas - CANTO MANCHADO | ||||||
| Biblioteca Prof. Eusebio Cleto del Rey | Biblioteca Prof. Eusebio Cleto del Rey | 07/04/2026 | 657.47 G491s | L126130 | 07/04/2026 | 07/04/2026 | Libro | PRIMERA PÁGINA UN POCO ARRUGADA - CANTO LATERAL MANCHADO CON ROJO - CANTO INFERIOR RAYADO CON LÁPIZ Y LAPICERA | ||||||
| Biblioteca Prof. Eusebio Cleto del Rey | Biblioteca Prof. Eusebio Cleto del Rey | 07/04/2026 | 657.47 G491s | L126131 | 07/04/2026 | 07/04/2026 | Libro | ÚLTIMAS HOJAS HÚMEDAS - PÁG. 111 MANCHADA - CANTO SUCIO | ||||||
| Biblioteca Prof. Eusebio Cleto del Rey | Biblioteca Prof. Eusebio Cleto del Rey | 07/04/2026 | 657.47 G491s | L126132 | 07/04/2026 | 07/04/2026 | Libro | CANTO MANCHADO - PÁG.299-302 C/ MANCHAS DE GRASA |